Los félidos silvestres en la jurisdicción Corpoguavio : (Registro nro. 8730)

Detalles MARC
000 -CABECERA
Campo de control 00670nam a22001697a 4500
005 - FECHA Y HORA DE LA ULTIMA TRANSACCION
Campo de control 20150731020002.0
008 - ELEMENTOS DE LONGITUD FIJA—INFORMACION GENERAL
Campo de control 140924b ck ||||| |||| 00| 0 spa d
041 ## - IDIOMA
Código de idioma para texto/pista de sonido o título separado Español
044 ## - PAÍS DE PUBLICACIÓN
País de publicación Colombia
082 04 - NUMERO DE CLASIFICACION DECIMAL DEWEY
Número de clasificación 599.756
Número del ítem F31f
245 04 - MENCION DE TITULO
Título Los félidos silvestres en la jurisdicción Corpoguavio :
Parte restante del título evaluación de las poblaciones de félidos silvestres e implementación de la estrategia para su conservación en la jurisdicción de Corpoguavio.
260 ## - PUBLICACION, DISTRIBUCION, ETC. (PIE DE IMPRENTA)
Lugar de publicación, distribución, etc. Bogotá :
Nombre del editor, distribuidor, etc. Corpoguavio,
-- Fundación Vida Silvestre neotropical,
Fecha de publicación, distribución, etc. 2009.
300 ## - DESCRIPCION FISICA
Extensión 56 p.
Otros detalles físicos il. (col)
Dimensiones 24 cm.
650 #4 - ASIENTO SECUNDARIO DE MATERIA - TERMINO TEMATICO
Término temático o nombre geográfico como elemento de entrada Felinos
Subdivisión geográfica Colombia
650 #4 - ASIENTO SECUNDARIO DE MATERIA - TERMINO TEMATICO
Término temático o nombre geográfico como elemento de entrada Felinos silvestres
942 ## - ELEMENTOS ADICIONALES (KOHA)
Sistema de clasificación Dewey Decimal Classification
Tipo de ítem Libro
Koha issues (borrowed), all copies 1
Existencias
Withdrawn status Lost status Sistema de Clasificación Damaged status No para préstamo Colección Inventariado Ubicación Permanente Ubicación actual Fecha de adquisición Fuente de Valor Valor Total Checkouts Número topográfico Inventario / Código de Barras Date last seen Date checked out Ejemplar Price effective from Forma de adquisición Tipo de material
    Dewey Decimal Classification     General Inventariado 2017 Bogotá Bogotá 24/09/2014 Instituto 39000.00 2 LB-599.756 F31f 028451 10/10/2019 10/10/2019 Ej. 1 24/09/2014   Libro
    Dewey Decimal Classification     General Inventariado 2017 Sala Fabio Quevedo Sala Fabio Quevedo 25/09/2014 Instituto 39000.00   LB-599.756 F31f 028453 25/09/2014   Ej. 2 25/09/2014   Libro